000 00501nam a2200193 a 4500
001 1764487598869
003 YourLibrary
005 20251204111955.0
008 251130s1993##################000#0#eng##
020 _a9780521438063
082 0 4 _a200
_bLAW
100 1 _aLawson, E. Thomas,
_eauthor.
245 1 0 _aRethinking Religion :
260 _bCambridge University Press,
_c1993.
300 _a212 pages
650 0 _aPhilosophy.
942 _cENGLISH
040 _aYourLibrary
_beng
_cYourLibrary
999 _c599900
_d599900